000 00702nam a2200217 i 4500
001 133580
003 ES-MaACL
005 20230906194446.0
007 t|
008 070821q1950 sp |||| | spa d
100 1 _aStevens, E. W.
_9108156
245 1 3 _aEl poder y la clave del buen sentido /
_cE.W. Stevens ; traducción de A. Albert.
260 _aBarcelona :
_bSintes,
_c[ca. 1950]
300 _a123 p. ;
_c18 cm.
490 1 _aLas diez obras estimulantes del Dr. E. W. Stevens ;
_v9
650 4 _aSentido común.
_9158576
700 1 _aAlbert, A.
_919305
830 0 _aLas diez obras estimulantes del Dr. E. W. Stevens ;
_v9
_9186939
852 _aES-MaACL
_jB-10135
999 _c133580
_d133580